000 00596nam a2200193 i 4500
001 63045
003 ES-MaACL
005 20230906164756.0
007 t|
008 031128q19401949sp ||||1| spa d
100 1 _aFernández Pousa, Ramón
_950010
245 1 4 _aLas doctrinas agro-sociales de Columela /
_cRamón Fernández Pousa.
260 _a[S.l. :
_bs.n.,
_c194?]
300 _a38 p. ;
_c25 cm.
490 1 _aRevista Internacional de Sociología
830 0 _aRevista Internacional de Sociología
_9230657
852 _aES-MaACL
_j1860-F-22
_bR.23550
999 _c63045
_d63045